00773nam a22002057a 4500001000500000005001700005020001800022040003000040050001500070082001000085100001600095245008800111260003200199300002300231490002800254505000600282520024300288521001800531521001800549162520230911154551.0 a9781407133300 aDLCbengerdacDLCdFISKH aPZ7.P63123 a813.61 aPilkey, Dav10aCaptain Underpants and the terrifying return of Tippy Tinkletrousers /cDav Pilkey. aLondon :bScholastic,c2012 a103 pages :c20 cm0 aCaptain underpants ;v9 aO aAfter being sent to jail for the rest of their lives, George and Harold are taken on a trip back in time by Tippy Tinkletrousers back to their Kindergarten days where they must deal with their bully without the help of Captain Underpants. a850 bLexile aO bRaz-Plus